000 00921nam a22002297a 4500
001 BD-DhSAU 1024
003 BD-DhSAU
005 20150110225701.0
008 150110b1988 bg a|||| |||| 001 0 ben d
040 _aBD-DhSAU
082 _222
_a৬৬৪.৭
_bগাফবী
100 _aগাফফার, এম,এ,
245 _aবীজ ও আগাছা /
_cএম,এ, গাফফার ,টি, এম, টি, ইকবাল ,এম, এস, আলম
260 _aমেঘাই :
_bটি. এম. জ়ূবাইর বিণ ইকবাল ;
_c১৯৮৮।
300 _aঘ, ৩৬৩ পৃ. :
_bচিএ ;
_c২১ সে.মি।
504 _aগ্রনথপুঞ্জি
590 _aimran
650 _aকৃ্ষিকা্র্য
650 _aবীজ ও আগাছা
700 _a ইকবাল, টি, এম, টি,
700 _a আলম, এম, এস,
942 _2ddc
_cBOOK
999 _c1024
_d1024